MARC

LEADER 00000nam0a2200000 4500
001 363247
005 20231102011554.0
035 |a (RuTPU)RU\TPU\retro\20594 
090 |a 363247 
100 |a 20210923d1980 km y0rusy50 ca 
101 0 |a rus 
102 |a RU 
105 |a a z 000zy 
200 1 |a Очерки механики целенаправленного движения  |f Г. В. Коренев 
210 |a Москва  |c Наука  |d 1980 
215 |a 192 с.  |c ил. 
606 1 |a Движение  |x (механика)  |2 stltpush  |3 (RuTPU)RU\TPU\subj\8929  |9 36239 
610 1 |a целенаправленное движение 
610 1 |a кинематика 
610 1 |a динамика 
610 1 |a управляемые тела 
610 1 |a человек 
610 1 |a задачи 
675 |a 531.1  |v 4 
700 1 |a Коренев  |b Г. В.  |g Георгий Васильевич 
801 1 |a RU  |b 63413507  |c 20210923 
942 |c BK